| 000 | 00491nam a2200193 a 4500 | ||
|---|---|---|---|
| 001 | 19741 | ||
| 003 | CO-ViMGA | ||
| 008 | 141112s2004 ck r 000 u spa d | ||
| 020 | _a8420424886 | ||
| 040 |
_aCO-ViMGA _bspa _cCO-ViMGA |
||
| 082 | 0 | 4 | _a830.3 G71r |
| 100 | 1 |
_aGrass, Gunter _915314 |
|
| 245 | 1 | 0 | _aLa Ratesa |
| 260 |
_aMadrid : _bAlfaguara, _c1988 |
||
| 300 | _a443 p. | ||
| 590 | _aForma de adquisición : Premio Mincultura | ||
| 650 | 1 | 4 |
_aNOVELA ALEMANA _92669 |
| 942 |
_2ddc _cBK |
||
| 999 |
_c28876 _d28876 |
||